000 00745nam a2200193Mi 4500
005 20100726125122.0
008 090109s2008 ii 000 0 eng d
020 _a8171180272
020 _a9788171180271
035 _a(OCoLC)634557251
100 1 _aMulla, Dinshah Fardunji.
245 1 0 _aPrinciples of Mahomedan law /
_cMulla. [Bearb.] by M. Hidayatullah and Arshad Hidayatullah.
250 _a19. ed., [repr.].
260 _aNew Delhi :
_bLexis Nexis,
_c2008.
300 _aLII, 346 S.
700 1 _aHidayatullah, Mohammed
_eBearb.
999 _c331
_d331